Central Library OPAC University of Rajshahi

The theory of capital : (Record no. 45429)

MARC details
000 -LEADER
fixed length control field 01165nam a2200289 a 4500
001 - CONTROL NUMBER
control field 45429
003 - CONTROL NUMBER IDENTIFIER
rucl marc code BD-RjUL
005 - DATE AND TIME OF LATEST TRANSACTION
control field 20211209054018.0
008 - FIXED-LENGTH DATA ELEMENTS--GENERAL INFORMATION
fixed length control field 160726s19631961nyua b 001 0 eng d
035 ## - SYSTEM CONTROL NUMBER
System control number (BD-RjUL) 45547
System control number (OCoLC)00168415
System control number GLIS00090643
040 ## - CATALOGING SOURCE
Original cataloging agency DLC
Transcribing agency WSU
Modifying agency OCL
-- SER
-- m.c.
-- MYG
-- BD-RjUL
Language of cataloging eng
041 ## - LANGUAGE CODE
Language code of text/sound track or separate title eng
082 ## - DEWEY DECIMAL CLASSIFICATION NUMBER
Edition number 23
Classification number 339.21
Author mark and year THE 1963-1965
099 ## - LOCAL FREE-TEXT CALL NUMBER (OCLC)
Bangla Class number HB501.I6
110 2# - MAIN ENTRY--CORPORATE NAME
Corporate name or jurisdiction name as entry element International Economic Association.
9 (RLIN) 130641
245 04 - TITLE STATEMENT
Title The theory of capital :
Remainder of title proceedings of a conference held by the International Economic Association /
Statement of responsibility, etc. By F. A. Lutz, chairman of Programme Committee [and] D. C. Hague, editor.
260 ## - PUBLICATION, DISTRIBUTION, ETC. (IMPRINT)
Place of publication, distribution, etc. New York :
Name of publisher, distributor, etc. St. Martin's Press,
Date of publication, distribution, etc. c1961 [Reprinted1963-1965]
300 ## - PHYSICAL DESCRIPTION
Pagination xiii, 414 p. :
Illustrations ill. ;
Size 23 cm.
504 ## - BIBLIOGRAPHY, ETC. NOTE
Bibliography, etc Bibliograpical footnotes and index.
650 #0 - SUBJECT ADDED ENTRY--TOPICAL TERM
Topical term or geographic name as entry element Capital
Form subdivision Congresses.
9 (RLIN) 139087
700 1# - ADDED ENTRY--PERSONAL NAME
Personal name Lutz, Friedrich A.
Fuller form of name (Friedrich August),
Dates associated with a name 1901-1975.
Personal name Hague, D. C.
Fuller form of name (Douglas Chalmers),
Dates associated with a name 1926-2015.
711 2# - ADDED ENTRY--MEETING NAME
Meeting name or jurisdiction name as entry element Round Table Conference on the Theory of Capital
Number of part/section/meeting (9th :
Date of meeting 1958 :
Location of meeting Kerkyra, Greece)
9 (RLIN) 139088
942 ## - ADDED ENTRY ELEMENTS (KOHA)
Source of classification or shelving scheme Dewey Decimal Classification
Koha item type Books
Holdings
Lost status Source of classification or shelving scheme Damaged status Not for loan Collection code Permanent Location Current Location Shelving location Date acquired Source of acquisition Cost, normal purchase price Total Checkouts Full call number Date last seen Copy number Koha item type
  Dewey Decimal Classification     Non-fiction Central Library, University of Rajshahi Central Library, University of Rajshahi   03/11/1965 Zuitlinger 50.00   339.21 LUT 1963 26/07/2016 C-2 Books
  Dewey Decimal Classification     Non-fiction Central Library, University of Rajshahi Central Library, University of Rajshahi   03/11/1965 Zuitlinger 50.00   339.21 LUT 1963 26/07/2016 C-3 Books
  Dewey Decimal Classification     Non-fiction Central Library, University of Rajshahi Central Library, University of Rajshahi   18/04/1964 Zuitlinger 50.00   339.21 LUT 1963 26/07/2016 C-4 Books
  Dewey Decimal Classification     Non-fiction Central Library, University of Rajshahi Central Library, University of Rajshahi   18/04/1964 Zuitlinger 50.00   339.21 LUT 1963 26/07/2016 C-5 Books
  Dewey Decimal Classification     Non-fiction Central Library, University of Rajshahi Central Library, University of Rajshahi   05/11/1968 Zuitlinger 50.00   339.21 LUT 1965 26/07/2016 C-6 Books